000
00306nam a2200133Ia 4500
008
151001s9999||||xx |||||||||||||| ||und||
100
_a
वसंत देशमुख
245
_a
दूवा
250
_a
1
260
_b
निशिगंधा
260
_c
1969
300
_a
80
365
_b
18
999
_c
955683
_d
955680